书目信息 |
| 题名: |
喻世明言
|
|
| 作者: | 冯梦龙 编著 | |
| 分册: | ||
| 出版信息: | 天津 百花文艺出版社 1993.05 |
|
| 页数: | 724页 | |
| 开本: | 32开 | |
| 丛书名: | ||
| 单 册: | ||
| 中图分类: | ||
| 科图分类: | ||
| 主题词: | 小说--中国 | |
| 电子资源: | ||
| ISBN: | 7-5306-1120-8 | |
| 000 | 00569nam0 2200205 45 | |
| 001 | 9909290954 | |
| 005 | 20000902104137.6 | |
| 010 | @a7-5306-1120-8@d19.00元 | |
| 100 | @a19990929d1993 km y0chiy0120 ea | |
| 101 | @achi | |
| 105 | @a z 000yy | |
| 200 | 1 | @a喻世明言@AYu Shi Ming Yan@f(明)冯梦龙编著@F(Ming)Feng Meng Long Bian Zhu |
| 210 | @a天津@c百花文艺出版社@d1993.05 | |
| 215 | @a724页@d32开 | |
| 606 | 0 | @a小说@x中国 |
| 690 | @v3 | |
| 690 | @aI242.3@v3 | |
| 701 | @a冯梦龙@4编著 | |
| 801 | @aCN@bPFTUser@c19990929 | |
| 905 | @dI242.3@eF480@b114346-347@f2 | |
| 喻世明言/(明)冯梦龙编著.-天津:百花文艺出版社,1993.05 |
| 724页;32开 |
| ISBN 7-5306-1120-8:19.00元 |
| ● |
| 相关链接 |
|
|
|
正题名:喻世明言
索取号:I242.3/F480
 
预约/预借
| 序号 | 登录号 | 条形码 | 馆藏地/架位号 | 状态 | 备注 |
| 1 | 114346 | 201143468 | 文学库108/108文学库 21排5列1层/ [索取号:I242.3/F480] | 在馆 | |
| 2 | 114347 | 201143477 | 社科二线422/422社科库 18排1列4层/ [索取号:I242.3/F480] | 在馆 | |
| 3 | 40717 | 200407176 | 社科二线400B/400B社科库 14排1列3层/ [索取号:I242.3/F480] | 在馆 | |
| 4 | 40718 | 200407185 | 社科二线400B/400B社科库 14排1列3层/ [索取号:I242.3/F480] | 在馆 |